000 00360nam a2200133Ia 4500
008 231129s9999||||xx |||||||||||||| ||spa||
020 _a958-614-448-8
040 _bspa
082 _aCo863 P859m
100 _aPotdevin Philip
245 0 _aMetatron : novela
264 _aSeix Barral/Biblioteca Breve
942 _2ddc
_cBKS
999 _c21025
_d21025